[Event "16th EUR-ch"]
[Site "Jerusalem ISR"]
[Date "2015.02.26"]
[Round "3"]
[White "Kantsler, Boris"]
[Black "Westreich, Itay"]
[Result "1-0"]
[WhiteElo "2435"]
[BlackElo "1929"]
[EventDate "2015.02.24"]
[PlyCount "71"]

1.Nf3 d5 2.g3 Nf6 3.Bg2 e6 4.O-O Be7 5.d3 O-O 6.Nbd2 c5 7.e4 Nc6 8.e5 Nd7 
9.Re1 Qc7 10.Qe2 f6 11.exf6 Rxf6 12.Nf1 e5 13.Bg5 Rf7 14.Ne3 Nb6 15.Bxe7 
Rxe7 16.c4 dxc4 17.dxc4 Kh8 18.Ng5 h6 19.Qh5 Nd4 20.Be4 Ne6 21.Nf3 Nf8 22.
Rad1 Bd7 23.b3 Be8 24.Qh4 Rd7 25.Rxd7 Nbxd7 26.Qe7 Qd8 27.Qxd8 Rxd8 28.
Bxb7 Bh5 29.Bd5 g5 30.Kg2 Ng6 31.Be4 Ne7 32.Rd1 Kg7 33.Rd6 Bxf3+ 34.Bxf3 
Ng6 35.Nf5+ Kh7 36.Bh5 1-0

[Event "16th EUR-ch"]
[Site "Jerusalem ISR"]
[Date "2015.02.26"]
[Round "3"]
[White "Draskovic, Luka"]
[Black "Levin, Natan"]
[Result "1-0"]
[WhiteElo "2432"]
[BlackElo "1869"]
[EventDate "2015.02.24"]
[PlyCount "73"]

1.e4 c6 2.d4 d5 3.e5 e6 4.Nf3 a6 5.Bd3 Be7 6.O-O h5 7.Qd2 Nd7 8.Qf4 Nf8 9.
Qg3 g6 10.h4 Nh6 11.Bxh6 Rxh6 12.Nbd2 Bd7 13.c4 Rh8 14.c5 Rg8 15.Ng5 Bxg5 
16.hxg5 Nh7 17.Nf3 Kf8 18.Qf4 Kg7 19.g3 b6 20.Rac1 a5 21.Kg2 Rb8 22.cxb6 
Rh8 23.g4 hxg4 24.Qxg4 Rxb6 25.b3 Rb4 26.Rh1 Qe7 27.Rh2 Kg8 28.Rch1 Qf8 
29.Rh6 Qg7 30.Bc2 a4 31.a3 axb3 32.axb4 bxc2 33.Qf4 Be8 34.Nh2 Qf8 35.Ng4 
Qxb4 36.Nf6+ Kf8 37.Rxh7 1-0

[Event "16th EUR-ch"]
[Site "Jerusalem ISR"]
[Date "2015.02.26"]
[Round "3"]
[White "Bochkarev, Yuriy"]
[Black "Murey, Jacob"]
[Result "1/2-1/2"]
[WhiteElo "2076"]
[BlackElo "2428"]
[EventDate "2015.02.24"]
[PlyCount "102"]

1.d4 e6 2.Nf3 c5 3.c3 Nf6 4.Bg5 Qb6 5.Qb3 Ne4 6.Bf4 Bd6 7.Qxb6 axb6 8.Bxd6
Nxd6 9.Nbd2 Nc6 10.e3 f6 11.Bd3 Kd8 12.O-O Kc7 13.Rfc1 Nf7 14.b4 d6 15.Nb3
cxb4 16.cxb4 Kb8 17.a3 d5 18.b5 Na5 19.Nbd2 Nd6 20.Rc3 Bd7 21.a4 Nac4 22.
Bxc4 Rc8 23.Rca3 dxc4 24.Nb1 c3 25.Nxc3 Bxb5 26.Nd2 Bd3 27.f3 b5 28.axb5 
Rxa3 29.Rxa3 Nxb5 30.Nxb5 Bxb5 31.Ne4 Rc2 32.Rc3 Rxc3 33.Nxc3 Bc4 34.Kf2 
b5 35.Ke1 Kc7 36.Ne4 Kc6 37.Kd1 b4 38.Kc2 h6 39.Nd2 Kd5 40.g3 e5 41.dxe5 
fxe5 42.h4 Kc5 43.f4 exf4 44.gxf4 Bg8 45.Kd3 Bh7+ 46.e4 Bg8 47.f5 b3 48.
Kc3 b2 49.Kxb2 Kd4 50.Kc2 Bf7 51.Kd1 Bh5+ 1/2-1/2

[Event "16th EUR-ch"]
[Site "Jerusalem ISR"]
[Date "2015.02.26"]
[Round "3"]
[White "Gabizon, Eyal"]
[Black "Kantarji, Pinchas"]
[Result "0-1"]
[WhiteElo "1760"]
[BlackElo "2420"]
[EventDate "2015.02.24"]
[PlyCount "92"]

1.d4 Nf6 2.c4 e6 3.Nc3 Bb4 4.e3 b6 5.Bd3 Bxc3+ 6.bxc3 Bb7 7.f3 d6 8.Ne2 c5
9.O-O Nc6 10.e4 Na5 11.Bg5 h6 12.Bh4 g5 13.Bf2 Qc7 14.Qc2 e5 15.Ng3 Ng8 
16.Nf5 O-O-O 17.Rfc1 Ne7 18.Ne3 Ba6 19.Rab1 f6 20.Qa4 Rdf8 21.Rd1 Bb7 22.
Nd5 Nxd5 23.cxd5 c4 24.Bf1 Kd8 25.dxe5 fxe5 26.Rb4 Ba6 27.Rdb1 Ke7 28.Bxb6
axb6 29.Rxb6 Qc5+ 30.Kh1 Ra8 31.g3 h5 32.R1b4 Bc8 33.Qd1 Bd7 34.Qd2 Rhg8 
35.Rb8 Qa7 36.Rxa8 Qxa8 37.Rb6 Nb7 38.Qb2 Nc5 39.Qb4 Qa4 40.Qxc4 Qxc4 41.
Bxc4 g4 42.Be2 Ra8 43.Rb2 Ra3 44.fxg4 hxg4 45.c4 Nxe4 46.Kg2 Nc3 0-1

[Event "16th EUR-ch"]
[Site "Jerusalem ISR"]
[Date "2015.02.26"]
[Round "3"]
[White "Gal, Moshe"]
[Black "Grachev, Boris"]
[Result "0-1"]
[WhiteElo "2154"]
[BlackElo "2670"]
[EventDate "2015.02.24"]
[PlyCount "71"]

1.d4 Nf6 2.Nf3 g6 3.c4 b6 4.g3 Bb7 5.Bg2 Bg7 6.O-O O-O 7.Nc3 Ne4 8.Qc2 
Nxc3 9.Qxc3 c5 10.Qd3 cxd4 11.Nxd4 Bxg2 12.Kxg2 d5 13.Nf3 d4 14.Rd1 Nc6 
15.Rb1 e5 16.b4 Re8 17.e4 a5 18.b5 Nb8 19.c5 bxc5 20.b6 Qd7 21.Ba3 Qb7 22.
Qb5 Nd7 23.Bxc5 Re6 24.Rdc1 Bh6 25.Rc4 Rf6 26.Nxd4 Nxc5 27.Rxc5 exd4 28.
Rc7 Qxe4+ 29.Kg1 Rf5 30.Qb3 a4 31.Qb2 Rb8 32.b7 Re5 33.Qb6 Ree8 34.Qb5 d3 
35.Qd7 Qf5 36.Qxe8+ 0-1

[Event "16th EUR-ch"]
[Site "Jerusalem ISR"]
[Date "2015.02.26"]
[Round "3"]
[White "Mamedov, Rauf"]
[Black "Erenberg, Ariel"]
[Result "1-0"]
[WhiteElo "2650"]
[BlackElo "2278"]
[EventDate "2015.02.24"]
[PlyCount "69"]

1.e4 c5 2.c3 Nf6 3.e5 Nd5 4.Nf3 e6 5.Bc4 d6 6.O-O Be7 7.d4 cxd4 8.cxd4 O-O
9.Bd2 b6 10.Nc3 Nxc3 11.Bxc3 Ba6 12.Qe2 Qc8 13.Nd2 Rd8 14.Rac1 Qb7 15.f4 
b5 16.f5 bxc4 17.f6 Bf8 18.fxg7 Bxg7 19.Ne4 dxe5 20.Ng5 Rf8 21.dxe5 h6 22.
Ne4 Nd7 23.Rcd1 Nxe5 24.Nf6+ Bxf6 25.Rxf6 Ng6 26.h4 Qb6+ 27.Kh1 Rad8 28.
Rdf1 Rd3 29.Qg4 Rxc3 30.Rxg6+ Kh7 31.Rg7+ Kh8 32.bxc3 Qe3 33.Rfxf7 Qe1+ 
34.Kh2 Qe5+ 35.g3 1-0

[Event "16th EUR-ch"]
[Site "Jerusalem ISR"]
[Date "2015.02.26"]
[Round "3"]
[White "Forster, Richard"]
[Black "Fischer, Sebastian"]
[Result "1-0"]
[WhiteElo "2446"]
[BlackElo "2256"]
[EventDate "2015.02.24"]
[PlyCount "49"]

1.d4 f5 2.Nc3 Nf6 3.Bg5 d5 4.e3 e6 5.Nf3 Be7 6.Bd3 Ne4 7.Bxe7 Qxe7 8.O-O 
c5 9.Ne2 cxd4 10.exd4 O-O 11.c4 b6 12.cxd5 exd5 13.Rc1 Bb7 14.Qb3 Qd6 15.
Nc3 Nxc3 16.Rxc3 Nc6 17.Bb5 Na5 18.Qc2 Rac8 19.Rxc8 Bxc8 20.Rc1 Bb7 21.Ne5
a6 22.Bd3 g6 23.Qc7 Qb4 24.Qd7 Qxd4 25.Rc7 1-0

[Event "16th EUR-ch"]
[Site "Jerusalem ISR"]
[Date "2015.02.26"]
[Round "3"]
[White "Berenboym, Igor"]
[Black "Nakar, Eylon"]
[Result "0-1"]
[WhiteElo "2112"]
[BlackElo "2435"]
[EventDate "2015.02.24"]
[PlyCount "58"]

1.e4 c5 2.Nf3 d6 3.d4 cxd4 4.Nxd4 Nf6 5.Nc3 a6 6.Be3 e5 7.Nb3 Be6 8.Be2 
Be7 9.O-O O-O 10.f4 exf4 11.Bxf4 Nc6 12.Qe1 Qb6+ 13.Kh1 Rfe8 14.Rd1 Ne5 
15.Qg3 Rac8 16.Nd5 Bxd5 17.exd5 Ne4 18.Qe1 Rxc2 19.Nd4 Rxb2 20.Bh5 Nf6 21.
Bxe5 dxe5 22.Qxe5 g6 23.Nc6 Bd8 24.Qf4 bxc6 25.d6 Re4 26.Qf3 Qc5 27.d7 
Qxh5 28.Qc3 Rxg2 29.Kxg2 Re2+ 0-1

[Event "16th EUR-ch"]
[Site "Jerusalem ISR"]
[Date "2015.02.26"]
[Round "3"]
[White "Petenyi, Tamas"]
[Black "Drori, Saar"]
[Result "1/2-1/2"]
[WhiteElo "2428"]
[BlackElo "2173"]
[EventDate "2015.02.24"]
[PlyCount "92"]

1.e4 c5 2.Nf3 d6 3.d4 cxd4 4.Nxd4 Nf6 5.Nc3 a6 6.Be3 e6 7.f3 b5 8.Qd2 b4 
9.Nce2 e5 10.Nb3 Nc6 11.g4 h6 12.Ng3 Be6 13.O-O-O Qc7 14.Nf5 d5 15.exd5 
Nxd5 16.Bc5 g6 17.Bxf8 Kxf8 18.Ne3 Nxe3 19.Qxe3 Kg7 20.Bd3 Rhd8 21.Kb1 Nd4
22.Rhe1 Nxb3 23.axb3 Rd5 24.Be4 Rxd1+ 25.Rxd1 Rd8 26.Re1 a5 27.h4 Bd5 28.
Bd3 Re8 29.f4 Qc6 30.fxe5 a4 31.bxa4 Qxa4 32.Qd4 Be6 33.b3 Qa5 34.h5 Ra8 
35.Qb2 Qc5 36.hxg6 fxg6 37.Bc4 Re8 38.Bxe6 Rxe6 39.Re4 Kh7 40.Re1 Qd5 41.
Qa1 Qc5 42.Qa8 Rc6 43.Qa2 Re6 44.Qa4 Rc6 45.Qa2 Re6 46.Qb2 Qd5 1/2-1/2

[Event "16th EUR-ch"]
[Site "Jerusalem ISR"]
[Date "2015.02.26"]
[Round "3"]
[White "Zlatin, Alexander"]
[Black "Ferreira, Jorge Viterbo"]
[Result "0-1"]
[WhiteElo "2086"]
[BlackElo "2427"]
[EventDate "2015.02.24"]
[PlyCount "112"]

1.e4 e5 2.Nf3 Nc6 3.Bc4 Nf6 4.d3 Be7 5.c3 O-O 6.Nbd2 d5 7.exd5 Nxd5 8.O-O 
Nb6 9.Bb5 Nb8 10.Nc4 c6 11.Nxb6 axb6 12.Ba4 Bg4 13.Bb3 Nd7 14.h3 Bh5 15.
Re1 Bf6 16.Bc2 Qc7 17.Be3 Rad8 18.Qe2 Rfe8 19.g4 Bg6 20.g5 Be7 21.Nh4 Nf8 
22.Rad1 Ne6 23.Nxg6 hxg6 24.Qg4 Bc5 25.h4 b5 26.a3 Qd6 27.Qe4 Kf8 28.b4 
Bxe3 29.fxe3 Nc7 30.c4 bxc4 31.dxc4 Qe6 32.Kg2 Ke7 33.Rf1 f5 34.gxf6+ gxf6
35.Bb3 Rh8 36.Rxd8 Kxd8 37.Qf3 Ne8 38.Qd1+ Kc7 39.c5 Qe7 40.Qg4 Rh6 41.e4 
Ng7 42.Bc2 Ne6 43.Bb1 f5 44.exf5 Rxh4 45.Qxg6 Nf4+ 46.Rxf4 Rxf4 47.Be4 Qd7
48.Bf3 Rxf5 49.Bg4 Qd5+ 50.Kg3 Rf1 51.Qg7+ Kb8 52.Qe7 Rg1+ 53.Kh4 Qd4 54.
Qg7 Rh1+ 55.Kg3 Qf4+ 56.Kg2 Rh2+ 0-1

[Event "16th EUR-ch"]
[Site "Jerusalem ISR"]
[Date "2015.02.26"]
[Round "3"]
[White "Poleg, Dan"]
[Black "Deac, Bogdan-Daniel"]
[Result "0-1"]
[WhiteElo "1992"]
[BlackElo "2402"]
[EventDate "2015.02.24"]
[PlyCount "76"]

1.d4 Nf6 2.c4 e6 3.Nf3 d5 4.Bg5 h6 5.Bh4 dxc4 6.Nc3 a6 7.e3 Nbd7 8.a4 b6 
9.Bxc4 Bb7 10.O-O Be7 11.Qe2 O-O 12.Rfd1 Ne8 13.Bg3 Ndf6 14.e4 Bb4 15.d5 
exd5 16.Nxd5 Nxd5 17.Bxd5 Bxd5 18.Rxd5 Qc8 19.Qc4 a5 20.Rc1 Bc5 21.Be5 Nd6
22.Bxd6 cxd6 23.Nd4 Qg4 24.Qd3 Rae8 25.Re1 f5 26.h3 Qh4 27.g3 Qxh3 28.Nxf5
Rf6 29.Re2 Ref8 30.Qb3 Kh7 31.Rd3 g6 32.Nd4 R8f7 33.Qc3 h5 34.f4 Qg4 35.
Rg2 g5 36.fxg5 Rf1+ 37.Kh2 R7f2 38.Rd2 Rh1+ 0-1

[Event "16th EUR-ch"]
[Site "Jerusalem ISR"]
[Date "2015.02.26"]
[Round "3"]
[White "Vaturi, Eden"]
[Black "Slavin, Alexey"]
[Result "0-1"]
[WhiteElo "1798"]
[BlackElo "2391"]
[EventDate "2015.02.24"]
[PlyCount "98"]

1.c4 Nf6 2.Nc3 b6 3.Nf3 Bb7 4.d4 e6 5.e3 d5 6.Bd3 Bd6 7.a3 O-O 8.Nb5 Be7 
9.cxd5 exd5 10.Nc3 Nbd7 11.O-O a6 12.Ne2 Bd6 13.Ng3 g6 14.b3 Qe7 15.Bb2 
Ne4 16.Bxe4 dxe4 17.Nd2 b5 18.Qc2 f5 19.Rfd1 Nf6 20.Re1 Bd5 21.Ne2 c6 22.
b4 Bxh2+ 23.Kxh2 Ng4+ 24.Kg1 Qh4 25.Ng3 Qh2+ 26.Kf1 f4 27.exf4 Rxf4 28.
Ngxe4 Qh1+ 29.Ke2 Qxg2 30.Kd1 Re8 31.f3 Rxf3 32.Nxf3 Qxf3+ 33.Qe2 Nf2+ 34.
Kc1 Qf4+ 35.Qe3 Rxe4 36.Qxf4 Rxf4 37.Re2 Bc4 38.Rd2 Ne4 39.Rg2 Bd3 40.Rg1 
Rf2 41.Rd1 Rc2+ 42.Kb1 Nd2+ 43.Rxd2 Rxd2+ 44.Kc1 Rc2+ 45.Kb1 Rg2+ 46.Kc1 
Bc2 47.Bc3 Ba4 48.Bd2 h5 49.Rb1 h4 0-1

[Event "16th EUR-ch"]
[Site "Jerusalem ISR"]
[Date "2015.02.26"]
[Round "3"]
[White "Bitensky, Igor"]
[Black "Ciobanu, Camelia-Adriana"]
[Result "1-0"]
[WhiteElo "2384"]
[BlackElo "2152"]
[EventDate "2015.02.24"]
[PlyCount "51"]

1.Nf3 c5 2.e4 Nc6 3.Bb5 g6 4.O-O Bg7 5.Re1 e6 6.c3 Nge7 7.d4 cxd4 8.cxd4 
a6 9.Bf1 d5 10.e5 Nf5 11.Nc3 h5 12.b3 b5 13.Ne2 Qb6 14.Bg5 a5 15.Rc1 Ba6 
16.Bf6 O-O 17.Ng3 Ncxd4 18.Nxd4 Nxd4 19.Nxh5 Bh6 20.Rc3 Rfc8 21.Rh3 b4 22.
Ng3 Bg7 23.Qd2 Rc2 24.Qh6 Nf3+ 25.Kh1 Bxh6 26.Rxh6 1-0

[Event "16th EUR-ch"]
[Site "Jerusalem ISR"]
[Date "2015.02.26"]
[Round "3"]
[White "Faizrakhmanov, Ramil"]
[Black "Shtivelband, Vladimir"]
[Result "1-0"]
[WhiteElo "2371"]
[BlackElo "2141"]
[EventDate "2015.02.24"]
[PlyCount "91"]

1.d4 d5 2.c4 c6 3.Nf3 Nf6 4.e3 a6 5.Nc3 b5 6.c5 Nbd7 7.b3 e5 8.dxe5 Ng4 9.
e6 Nxc5 10.exf7+ Kxf7 11.h3 Qf6 12.Bb2 Ne4 13.hxg4 Bb4 14.Qd4 Qxd4 15.Nxd4
c5 16.Nc6 Bxc3+ 17.Bxc3 Nxc3 18.Bd3 Re8 19.Kd2 Ne4+ 20.Bxe4 dxe4 21.Rac1 
Bxg4 22.Rxc5 Kg8 23.Rhc1 g6 24.Nd4 Rf8 25.Ke1 Rae8 26.Rc6 Re5 27.R1c5 Rxc5
28.Rxc5 Re8 29.Rc7 Rc8 30.Rxc8+ Bxc8 31.Kd2 h5 32.Ne2 g5 33.Kc3 h4 34.Kd4 
Kg7 35.Ke5 Kg6 36.b4 Bg4 37.Nc3 Bc8 38.Nxe4 g4 39.Kf4 Bb7 40.Nc5 Bc8 41.a3
Kf6 42.e4 h3 43.e5+ Kg6 44.gxh3 gxh3 45.Kg3 Kf5 46.e6 1-0

[Event "16th EUR-ch"]
[Site "Jerusalem ISR"]
[Date "2015.02.26"]
[Round "3"]
[White "Golubov, Saveliy"]
[Black "Hochman, Elnatan"]
[Result "1-0"]
[WhiteElo "2362"]
[BlackElo "1976"]
[EventDate "2015.02.24"]
[PlyCount "91"]

1.e4 c5 2.Nf3 Nc6 3.d4 cxd4 4.Nxd4 e5 5.Nb5 d6 6.c4 Be7 7.N1c3 a6 8.Na3 
Be6 9.Nc2 Bg5 10.Be2 Bxc1 11.Rxc1 Nf6 12.O-O O-O 13.Qd2 Rc8 14.Rfd1 Qb6 
15.b3 Qa5 16.a3 b5 17.b4 Qb6 18.cxb5 axb5 19.Nxb5 Nxe4 20.Qe3 Qxe3 21.fxe3
Rfd8 22.Bf3 Bc4 23.a4 d5 24.Bxe4 dxe4 25.Nd6 Be2 26.Rd2 Rb8 27.Rxe2 Rxd6 
28.b5 Na5 29.Nb4 Kf8 30.Rec2 Rbb6 31.Nc6 Nxc6 32.Rxc6 Ke7 33.R6c5 Ke6 34.
a5 Rb8 35.b6 f5 36.g3 g5 37.Rc6 f4 38.Kf2 Kd5 39.Rc8 Rb7 40.Rd1+ Ke6 41.
Rxd6+ Kxd6 42.a6 Rxb6 43.a7 Rb2+ 44.Ke1 Ra2 45.a8=Q Rxa8 46.Rxa8 1-0

[Event "16th EUR-ch"]
[Site "Jerusalem ISR"]
[Date "2015.02.26"]
[Round "3"]
[White "Samarin, Leonid"]
[Black "Soltanici, Ruslan"]
[Result "0-1"]
[WhiteElo "1748"]
[BlackElo "2350"]
[EventDate "2015.02.24"]
[PlyCount "62"]

1.c4 e5 2.Nc3 Nf6 3.g3 Nc6 4.Bg2 Bc5 5.e3 d5 6.cxd5 Nb4 7.d3 Nbxd5 8.Nf3 
Nxc3 9.bxc3 e4 10.Ne5 Qe7 11.Qa4+ c6 12.Nxc6 Qd7 13.Bxe4 O-O 14.Ba3 Nxe4 
15.Qxe4 Bxa3 16.Ne5 Qe6 17.Qd4 b6 18.Nc4 Bc5 19.Qf4 Bb7 20.O-O Qd5 21.f3 
Qxd3 22.Rfe1 Qxc3 23.Rac1 Qf6 24.Ne5 Rfe8 25.Qxf6 gxf6 26.Ng4 Kg7 27.Rc2 
Bxf3 28.Nxf6 Rxe3 29.Rxc5 Rxe1+ 30.Kf2 bxc5 31.Kxe1 Kxf6 0-1

[Event "16th EUR-ch"]
[Site "Jerusalem ISR"]
[Date "2015.02.26"]
[Round "3"]
[White "Slonimskij, Arkadij"]
[Black "Altshul, Limor"]
[Result "1/2-1/2"]
[WhiteElo "2176"]
[BlackElo "1887"]
[EventDate "2015.02.24"]
[PlyCount "224"]

1.d4 Nf6 2.c4 e6 3.Nc3 Bb4 4.Bg5 h6 5.Bh4 c5 6.d5 d6 7.f3 a6 8.e4 exd5 9.
cxd5 Nbd7 10.Bg3 Qe7 11.Bd3 Nxd5 12.Ne2 Nxc3 13.bxc3 Ba5 14.O-O O-O 15.Nf4
Nf6 16.Bc4 Rd8 17.Qc2 b5 18.Bd5 Bb7 19.Rad1 Bxd5 20.Nxd5 Nxd5 21.Rxd5 Rac8
22.Rfd1 Qf6 23.c4 Bc7 24.R1d3 Rb8 25.h3 bxc4 26.Qxc4 Rb1+ 27.Kh2 Qa1 28.
Bf2 h5 29.e5 Rh1+ 30.Kg3 g5 31.f4 h4+ 32.Kf3 g4+ 33.Kxg4 Qf1 34.Bxh4 Qe2+ 
35.Kg5 Kh7 36.g4 Rxh3 37.Rxh3 Rg8+ 38.Kf6 Bd8+ 39.Kxf7 Rg7+ 40.Ke6 Qxc4 
41.Bf6+ Kg8 42.Bxg7 Kxg7 43.Kxd6 Qxf4 44.Rb3 Qxg4 45.Rb7+ Kh6 46.Rxc5 Qg6+
47.e6 Qd3+ 48.Rd5 Qa3+ 49.Kd7 Qxa2 50.Rd6 Bf6 51.e7 Qa4+ 52.Rc6 Qg4+ 53.
Kc7 Qf4+ 54.Kc8 Qg4+ 55.Rd7 Qg8+ 56.Kc7 Kg5 57.Rd5+ Qxd5 58.e8=Q Qe5+ 59.
Qxe5+ Bxe5+ 60.Kb6 Kf4 61.Kxa6 Ke4 62.Kb5 Bf4 63.Kc4 Kf3 64.Kd3 Kg2 65.Ke2
Bh2 66.Rg6+ Kh1 67.Kf3 Bg1 68.Rg2 Ba7 69.Kg3 Bg1 70.Rd2 Bb6 71.Rh2+ Kg1 
72.Kh3 Bf2 73.Rg2+ Kf1 74.Rg8 Bc5 75.Kh2 Kf2 76.Rg6 Ke3 77.Kg3 Kd4 78.Kf4 
Kd5 79.Kf5 Bd6 80.Rg7 Kc6 81.Ke6 Bc7 82.Rg2 Kb7 83.Kd7 Bb8 84.Rb2+ Ka8 85.
Ra2+ Ba7 86.Kc6 Kb8 87.Rg2 Ka8 88.Rg7 Bb8 89.Kb6 Bh2 90.Rg2 Bf4 91.Ra2+ 
Kb8 92.Ra3 Bh2 93.Ra1 Bf4 94.Re1 Kc8 95.Kc6 Kb8 96.Re7 Ka8 97.Kb6 Bb8 98.
Rb7 Bf4 99.Ra7+ Kb8 100.Re7 Ka8 101.Re4 Bg3 102.Ra4+ Kb8 103.Ra2 Bf4 104.
Re2 Ka8 105.Re4 Bg3 106.Re2 Bf4 107.Ra2+ Kb8 108.Kc6 Bg3 109.Kb6 Bf4 110.
Rg2 Ka8 111.Rb2 Kb8 112.Kc6+ Ka8 1/2-1/2

[Event "16th EUR-ch"]
[Site "Jerusalem ISR"]
[Date "2015.02.26"]
[Round "3"]
[White "Sassoon, Roei"]
[Black "Mdivani, Maka"]
[Result "0-1"]
[WhiteElo "1896"]
[BlackElo "2105"]
[EventDate "2015.02.24"]
[PlyCount "74"]

1.e4 c5 2.Nc3 a6 3.g3 d6 4.Bg2 Nc6 5.Nge2 Nf6 6.O-O e6 7.d3 Be7 8.Kh1 O-O 
9.f4 Qc7 10.Be3 Rd8 11.f5 d5 12.Bf4 e5 13.Bg5 d4 14.Bxf6 Bxf6 15.Nd5 Qd6 
16.g4 b5 17.Ng3 Bg5 18.f6 g6 19.Qf3 Be6 20.Rae1 Ra7 21.Nf5 gxf5 22.gxf5 
Bxd5 23.exd5 Nb4 24.Qg3 Qxf6 25.h4 Qh6 26.Kg1 Qxh4 27.Qxh4 Bxh4 28.Rxe5 
Bf6 29.Re4 Nxd5 30.Rg4+ Kf8 31.Bxd5 Rxd5 32.Kg2 h5 33.Re4 Re7 34.Rf2 Rde5 
35.Rxe5 Rxe5 36.Kg3 Bg5 37.Kg2 Ke7 0-1

[Event "16th EUR-ch"]
[Site "Jerusalem ISR"]
[Date "2015.02.26"]
[Round "3"]
[White "Lahav, Michal"]
[Black "Nareznoy, David"]
[Result "1/2-1/2"]
[WhiteElo "1886"]
[BlackElo "2069"]
[EventDate "2015.02.24"]
[PlyCount "74"]

1.e4 e6 2.d4 d5 3.Nd2 dxe4 4.Nxe4 Nf6 5.Nxf6+ gxf6 6.Nf3 b6 7.Bf4 Bb7 8.c3
Bd6 9.Bg3 c6 10.Qd2 Qe7 11.Be2 Nd7 12.Qh6 O-O-O 13.Bh4 Rdg8 14.Ne5 Bxe5 
15.dxe5 Rxg2 16.exf6 Qc5 17.Bg3 Qd5 18.Rd1 Qe4 19.Qg7 Rd8 20.Qg4 Qxg4 21.
Bxg4 c5 22.Rf1 Nxf6 23.Rxd8+ Kxd8 24.Bh3 Kd7 25.Bxg2 Bxg2 26.Rg1 Be4 27.
Be5 Nd5 28.Kd2 Bg6 29.a3 b5 30.b3 Kc6 31.c4 bxc4 32.bxc4 Nb6 33.Kc3 Nd7 
34.Bg3 e5 35.Rd1 f5 36.Rxd7 Kxd7 37.Bxe5 a6 1/2-1/2

[Event "16th EUR-ch"]
[Site "Jerusalem ISR"]
[Date "2015.02.26"]
[Round "3"]
[White "Chubar, Vladimir"]
[Black "Freiman, Mark"]
[Result "1-0"]
[WhiteElo "2066"]
[BlackElo "1873"]
[EventDate "2015.02.24"]
[PlyCount "113"]

1.Nf3 Nf6 2.d4 g6 3.Bg5 Bg7 4.Nbd2 O-O 5.e4 d6 6.c3 Nbd7 7.Bc4 e5 8.O-O c6
9.dxe5 dxe5 10.a4 Qc7 11.Qc2 Nc5 12.h3 Ne6 13.Be3 Nh5 14.g3 h6 15.Rfd1 Kh7
16.Bf1 c5 17.Nc4 Bd7 18.Ncxe5 Bxe5 19.Rxd7 Qxd7 20.Nxe5 Qc7 21.Ng4 Ng5 22.
Bg2 f6 23.Rd1 Rad8 24.Rd5 Rxd5 25.exd5 f5 26.Nxh6 f4 27.gxf4 Nxf4 28.Bxf4 
Qxf4 29.Ng4 Re8 30.Ne3 Nf3+ 31.Bxf3 Qxf3 32.Qb3 b6 33.Qc4 Re4 34.Qf1 Qf4 
35.Ng4 Qd6 36.Qc1 Rf4 37.c4 Kg7 38.b3 g5 39.Qc3+ Rd4 40.Qe3 Rf4 41.Kg2 Qg6
42.Qe5+ Kg8 43.d6 Rf8 44.Qd5+ Kh8 45.d7 Rd8 46.Ne5 Qg8 47.Nf7+ Kg7 48.Nxd8
Qxd8 49.Qe5+ Kf7 50.Qe8+ Qxe8 51.dxe8=Q+ Kxe8 52.Kg3 Kf7 53.Kg4 Kg6 54.f4 
gxf4 55.Kxf4 Kf6 56.Ke4 Ke6 57.h4 1-0

[Event "16th EUR-ch"]
[Site "Jerusalem ISR"]
[Date "2015.02.26"]
[Round "3"]
[White "Cohen, Itay"]
[Black "Kerner, Michael"]
[Result "1-0"]
[WhiteElo "1871"]
[BlackElo "2063"]
[EventDate "2015.02.24"]
[PlyCount "87"]

1.e4 c5 2.Nf3 Nc6 3.Bb5 g6 4.O-O Bg7 5.Re1 Nf6 6.d4 cxd4 7.e5 Nd5 8.Bxc6 
dxc6 9.Qxd4 O-O 10.Qh4 f6 11.Na3 Bf5 12.Bd2 Qc7 13.c4 Nb6 14.Ba5 c5 15.Nb5
Qc6 16.b3 Nd7 17.Nc7 b6 18.Nd5 Rae8 19.Bc3 Be6 20.Rad1 g5 21.Qe4 Qc8 22.h3
f5 23.Qc2 h6 24.Rd2 Rf7 25.a3 Nf8 26.b4 cxb4 27.Bxb4 Bxd5 28.cxd5 a5 29.e6
axb4 30.exf7+ Kxf7 31.axb4 Ng6 32.Qb3 Qc3 33.Qb1 Nh4 34.Rd3 Qc4 35.Nxh4 
Qxh4 36.Re6 Qc4 37.Rc6 Qe4 38.Re6 Qc4 39.Re1 Ra8 40.d6 Ra1 41.dxe7 Qe4 42.
Qb3+ Kg6 43.Rxa1 Bxa1 44.Qg8+ 1-0

[Event "16th EUR-ch"]
[Site "Jerusalem ISR"]
[Date "2015.02.26"]
[Round "3"]
[White "Zak, Arad"]
[Black "Vardi, Moshe"]
[Result "1-0"]
[WhiteElo "2061"]
[BlackElo "1850"]
[EventDate "2015.02.24"]
[PlyCount "61"]

1.e4 e5 2.Nf3 Nc6 3.Bb5 a6 4.Ba4 Nf6 5.O-O d6 6.Re1 Bg4 7.c3 Be7 8.d3 h6 
9.Nbd2 O-O 10.Nf1 b5 11.Bb3 a5 12.h3 Bd7 13.Ng3 a4 14.Bc2 Qc8 15.d4 exd4 
16.cxd4 Nb4 17.Bb1 Nc6 18.e5 dxe5 19.dxe5 Nh7 20.Qc2 g6 21.e6 Be8 22.exf7+
Rxf7 23.Qxg6+ Rg7 24.Qxh6 Ra6 25.Nf5 Rg6 26.Rxe7 Rxh6 27.Nxh6+ Kf8 28.Rxh7
Nd8 29.Rh8+ Ke7 30.Bg5+ Kd7 31.Ne5+ 1-0

[Event "16th EUR-ch"]
[Site "Jerusalem ISR"]
[Date "2015.02.26"]
[Round "3"]
[White "Globus, Or"]
[Black "Zlotogorski, Itay"]
[Result "1-0"]
[WhiteElo "1862"]
[BlackElo "2033"]
[EventDate "2015.02.24"]
[PlyCount "67"]

1.Nf3 d5 2.g3 Nf6 3.Bg2 b6 4.c4 Bb7 5.O-O e6 6.b3 Be7 7.Bb2 O-O 8.e3 c5 9.
Nc3 Nc6 10.cxd5 Nxd5 11.Nxd5 exd5 12.d4 Bf6 13.Ne5 Bxe5 14.dxe5 Ne7 15.Qd3
Qd7 16.Rfd1 Rfd8 17.Rac1 Qe6 18.Rd2 h6 19.Rcd1 a6 20.Qe2 Bc6 21.f4 b5 22.
g4 g6 23.Bh3 d4 24.exd4 cxd4 25.Rxd4 Rxd4 26.Rxd4 Bd5 27.f5 Qb6 28.Qf2 Qc5
29.b4 Qc6 30.f6 Nc8 31.Qd2 Kh7 32.Rxd5 Nb6 33.Rd6 Qc7 34.Qd4 1-0

[Event "16th EUR-ch"]
[Site "Jerusalem ISR"]
[Date "2015.02.26"]
[Round "3"]
[White "Kneler, Boris"]
[Black "Rave, Avraham"]
[Result "0-1"]
[WhiteElo "2025"]
[BlackElo "1824"]
[EventDate "2015.02.24"]
[PlyCount "218"]

1.Nf3 d5 2.c4 c6 3.b3 Nf6 4.Bb2 Nbd7 5.Qc2 e6 6.e3 Be7 7.Be2 O-O 8.O-O a6 
9.d3 b5 10.Nbd2 Bb7 11.d4 Rc8 12.c5 Re8 13.Ne5 Bf8 14.f4 g6 15.h3 Bg7 16.
Nef3 Nh5 17.Kh2 f5 18.g4 Nhf6 19.g5 Ne4 20.h4 Kf7 21.Kg2 h6 22.gxh6 Bxh6 
23.Nxe4 dxe4 24.Ng5+ Ke7 25.Kf2 Nf6 26.Rh1 Rh8 27.Rag1 Bxg5 28.Rxg5 Rh6 
29.h5 Qh8 30.Rhg1 Nxh5 31.Rxg6 Rxg6 32.Rxg6 Nf6 33.Ke1 Kf7 34.Rg5 Qh4+ 35.
Kd2 Rh8 36.d5 Rd8 37.Bxf6 Rxd5+ 38.Kc1 Qe1+ 39.Bd1 Qxe3+ 40.Kb2 Rd2 41.Bc3
Rxc2+ 42.Bxc2 Bc8 43.Rg7+ Ke8 44.Be5 Qxc5 45.Rg8+ Kf7 46.Rxc8 Kg6 47.Rg8+ 
Kh5 48.Rg2 Kh4 49.a3 e3 50.Bc3 Qd5 51.Rg1 e2 52.Re1 Qf3 53.Be5 Qf2 54.Bc3 
Kg3 55.Bd3 Kxf4 56.Rxe2 Qf3 57.Kc2 Qd5 58.Re1 Kg3 59.Re3+ Kg4 60.Re5 Qd6 
61.Re1 f4 62.Re4 Kf3 63.Re1 Kg3 64.b4 Qd5 65.Rg1+ Kh2 66.Re1 f3 67.Be4 
Qa2+ 68.Bb2 Qc4+ 69.Bc3 f2 70.Rh1+ Kg3 71.Bd3 Qf4 72.Rf1 Kg2 73.Rd1 e5 74.
Bf1+ Kh2 75.Rd3 e4 76.Rd8 e3 77.Re8 Kg1 78.Bd3 f1=Q 79.Bxf1 Kxf1 80.Kb2 e2
81.Rh8 Qf3 82.Re8 Qf2 83.Kc1 Qf7 84.Rh8 Qf4+ 85.Kb2 Qf3 86.Re8 Qf2 87.Kc1 
Kg2 88.Rg8+ Kh3 89.Rh8+ Kg2 90.Rg8+ Kf1 91.Re8 e1=Q+ 92.Rxe1+ Qxe1+ 93.
Bxe1 Kxe1 94.Kc2 Ke2 95.Kc3 Ke3 96.Kc2 Kd4 97.Kd2 c5 98.bxc5 Kxc5 99.Kc3 
a5 100.Kd3 Kd5 101.Kc3 Ke4 102.Kd2 Kd4 103.Kc2 Kc4 104.Kb2 Kd3 105.Kb3 Kd2
106.Kb2 a4 107.Kb1 Kc3 108.Ka2 Kc2 109.Ka1 Kb3 0-1

[Event "16th EUR-ch"]
[Site "Jerusalem ISR"]
[Date "2015.02.26"]
[Round "3"]
[White "Cohen Revivo, Shoham"]
[Black "Cohen Revivo, Alon"]
[Result "0-1"]
[WhiteElo "1838"]
[BlackElo "2022"]
[EventDate "2015.02.24"]
[PlyCount "76"]

1.c4 f5 2.Nc3 Nf6 3.g3 e5 4.Bg2 Nc6 5.d3 g6 6.e3 Bg7 7.Nge2 O-O 8.O-O d6 
9.Rb1 Ne7 10.d4 e4 11.b4 g5 12.f3 exf3 13.Bxf3 g4 14.Bg2 Ng6 15.e4 Nxe4 
16.Nxe4 fxe4 17.Bxe4 Re8 18.Qd3 Nf8 19.Nf4 c6 20.Nh5 Qe7 21.Re1 Bf5 22.
Bd5+ cxd5 23.Rxe7 Bxd3 24.Rxg7+ Kh8 25.Bg5 Bxb1 26.Bf6 Re6 27.Rg5+ Rxf6 
28.Nxf6 Bg6 29.Rxd5 Bf7 30.Rxd6 Bxc4 31.a3 Be6 32.Ne4 b6 33.Kf2 Kg8 34.d5 
Bf5 35.Ng5 Kg7 36.Ke3 Re8+ 37.Kf4 Bc8 38.Rc6 Ng6+ 0-1

[Event "16th EUR-ch"]
[Site "Jerusalem ISR"]
[Date "2015.02.26"]
[Round "3"]
[White "Tifferet, Shaked"]
[Black "Chachashvili, Zuri"]
[Result "1/2-1/2"]
[WhiteElo "2001"]
[BlackElo "1818"]
[EventDate "2015.02.24"]
[PlyCount "98"]

1.Nf3 Nf6 2.b3 g6 3.Bb2 Bg7 4.g3 O-O 5.Bg2 d6 6.d4 e5 7.dxe5 Nfd7 8.O-O 
Nc6 9.c4 Ndxe5 10.Nxe5 Nxe5 11.Qd2 Rb8 12.Nc3 Be6 13.f4 Nc6 14.Ne4 h6 15.
Bxg7 Kxg7 16.Qb2+ f6 17.Nc3 Kh7 18.h4 Ne7 19.Kh2 Bg4 20.e4 Qd7 21.Nd1 Rbe8
22.Ne3 Nc6 23.Rae1 a6 24.Qd2 Ne7 25.Qc3 h5 26.Qd2 b6 27.Qd3 Kg7 28.Nxg4 
hxg4 29.e5 fxe5 30.fxe5 Rxf1 31.Qxf1 Nf5 32.Qf4 dxe5 33.Rxe5 Rxe5 34.Qxe5+
Kh7 35.Qf4 Nd6 36.Qg5 Qe6 37.Qd8 Qf7 38.Qg5 Qe6 39.Qf4 Qe2 40.a3 a5 41.h5 
gxh5 42.Qg5 Qe8 43.Bf1 Qg6 44.Qd5 Kg7 45.Qd2 Qf6 46.Bd3 h4 47.Qe2 Qg5 48.
Qb2+ Kg8 49.Qe2 Kg7 1/2-1/2

[Event "16th EUR-ch"]
[Site "Jerusalem ISR"]
[Date "2015.02.26"]
[Round "3"]
[White "Or, Yochanan"]
[Black "Parkhov, Yair"]
[Result "0-1"]
[WhiteElo "1822"]
[BlackElo "1997"]
[EventDate "2015.02.24"]
[PlyCount "44"]

1.e4 e6 2.d4 d5 3.Nc3 Nf6 4.e5 Nfd7 5.f4 c5 6.Nf3 Nc6 7.f5 cxd4 8.fxe6 
fxe6 9.Ne2 Bc5 10.Ng3 Ndxe5 11.Nxe5 Nxe5 12.Qh5+ Ng6 13.Bd3 O-O 14.Bd2 e5 
15.Bxg6 hxg6 16.Qxg6 Qf6 17.Qxf6 Rxf6 18.O-O-O Bg4 19.Rde1 e4 20.Bg5 Rf2 
21.Bh4 Rxg2 22.Ref1 d3 0-1